书目信息 |
| 题名: |
假如给我三天光明:海伦·凯勒自传
|
|
| 作者: | 海伦·凯勒 著 | |
| 分册: | ||
| 出版信息: | 北京 华文出版社 2002.01 |
|
| 页数: | 333页 | |
| 开本: | 20cm | |
| 丛书名: | ||
| 单 册: | ||
| 中图分类: | K837.125.6 | |
| 科图分类: | ||
| 主题词: | 历史 , 地理 | |
| 电子资源: | ||
| ISBN: | 7-5075-1235-5 | |
| 000 | 00628nam0 2200205 45 | |
| 001 | 0462765245 | |
| 005 | 2004051317260445 | |
| 010 | @a7-5075-1235-5@dRMB 21.80 | |
| 100 | @a20040513d2002 km y0chiy0120 ea | |
| 101 | 0 | @achi |
| 102 | @aCN@b110000 | |
| 200 | 1 | @a假如给我三天光明:海伦·凯勒自传@AJia Ru Gei Wo San Tian Guang Ming:Hai Lun·Kai Le Zi Zhuan@f(美)海伦·凯勒著@F(Mei)Hai Lun·Kai Le Zhu |
| 210 | @a北京@c华文出版社@d2002.01 | |
| 215 | @a333页@d20cm | |
| 606 | 0 | @a历史 |
| 606 | 0 | @a地理 |
| 690 | @aK837.125.6@v4 | |
| 701 | 0 | @a海伦·凯勒@AHai Lun·Kai Le@4著 |
| 801 | 0 | @aCN@bPFT@c20040513 |
| 905 | @dK837.125.6@eH029 | |
| 假如给我三天光明:海伦·凯勒自传/(美)海伦·凯勒著.-北京:华文出版社,2002.01 |
| 333页;20cm |
| ISBN 7-5075-1235-5:RMB 21.80 |
| ● |
| 相关链接 |
|
|
|
正题名:假如给我三天光明:海伦·凯勒自传
索取号:K837.125.6/H029
 
预约/预借
| 序号 | 登录号 | 条形码 | 馆藏地/架位号 | 状态 | 备注 |
| 1 | 0375437 | 203754375 | 社科库309/309社科库 17排4列6层/ [索取号:K837.125.6/H029] | 在馆 | |
| 2 | 375436 | 203754366 | 社科库309/309社科库 4排3列6层/ [索取号:K837.125.6/H029] | 在馆 | |
| 3 | 375438 | 203754384 | 社科库309/309社科库 4排3列6层/ [索取号:K837.125.6/H029] | 在馆 |